[Event "Montigny le Bretonneux 1hKO 20th"]
[Site "Montigny le Bretonneux"]
[Date "2016.05.07"]
[Round "4.19"]
[White "Hautecoeur, Ange"]
[Black "Griffon Du Bellay, Mathilde"]
[Result "1-0"]
[WhiteElo "1009"]
[BlackElo "1060"]
[PlyCount "163"]
[EventDate "2016.05.05"]
[EventType "swiss"]
[EventRounds "7"]
[EventCountry "FRA"]
[SourceTitle "EXT 2024"]
[Source "ChessBase"]
[SourceDate "2023.10.10"]
[SourceVersion "1"]
[SourceVersionDate "2023.10.10"]
[SourceQuality "1"]

1. e4 e5 2. Nf3 Bc5 3. Nc3 Nf6 4. Bc4 Nc6 5. d3 0-0 6. 0-0 d6 7. Bg5 h6 8. Bxf6 Qxf6 9. Nd5 Qd8 10. Qe2 Bg4 11. c3 Qd7 12. Rad1 Rad8 13. Rfe1 Rfe8 14. h3 Bh5 15. b4 Bb6 16. a4 a5 17. Rb1 Ba7 18. bxa5 Nxa5 19. Rb4 Nc6 20. Rxb7 Rc8 21. Reb1 Qe6 22. Nxc7 Qg6 23. Nxe8 Rxe8 24. Rc7 d5 25. Bxd5 Ne7 26. Rxa7 Qd6 27. c4 Nc8 28. Bxf7+ Bxf7 29. Ra5 Nb6 30. c5 Qc7 31. cxb6 Qc3 32. b7 Qxa5 33. b8Q Rxb8 34. Rxb8+ Kh7 35. d4 Qc7 36. Rb5 Bc4 37. Qb2 Bxb5 38. Qxb5 Qc1+ 39. Kh2 exd4 40. Nxd4 Qf4+ 41. g3 Qxf2+ 42. Kh1 Qxd4 43. e5 Qe4+ 44. Kh2 Qc2+ 45. Kh1 Qe4+ 46. Kg1 Qe3+ 47. Kg2 Qe4+ 48. Kf1 Qf3+ 49. Ke1 Qxg3+ 50. Kd1 Qe3 51. a5 Qd4+ 52. Kc1 Qc3+ 53. Kb1 Qe1+ 54. Ka2 Qd2+ 55. Ka3 Qe3+ 56. Ka2 Qf2+ 57. Ka3 Qg3+ 58. Ka2 Qh2+ 59. Ka3 Qxh3+ 60. Qb3 Qh1 61. a6 Qa1+ 62. Qa2 Qc3+ 63. Qb3 Qa1+ 64. Qa2 Qc3+ 65. Qb3 Qxe5 66. Qa4 Qc3+ 67. Qb3 Qc5+ 68. Qb4 Qe3+ 69. Ka4 Qc1 70. a7 Qc6+ 71. Ka3 Qa8 72. Qb1+ g6 73. Qb8 Qf3+ 74. Ka4 Qf4+ 75. Ka5 Qd2+ 76. Kb6 Qb2+ 77. Kc7 Qc2+ 78. Kb7 Qb2+ 79. Kc8 Qc2+ 80. Qc7+ Kg8 81. a8Q Kf8 82. Kb7# 1-0

[Event "Montigny le Bretonneux 1hKO 20th"]
[Site "Montigny le Bretonneux"]
[Date "2016.05.05"]
[Round "1.17"]
[White "Branson, James"]
[Black "Griffon Du Bellay, Mathilde"]
[Result "1-0"]
[WhiteElo "1572"]
[BlackElo "1060"]
[PlyCount "49"]
[EventDate "2016.05.05"]
[EventType "swiss"]
[EventRounds "7"]
[EventCountry "FRA"]
[SourceTitle "EXT 2024"]
[Source "ChessBase"]
[SourceDate "2023.10.10"]
[SourceVersion "1"]
[SourceVersionDate "2023.10.10"]
[SourceQuality "1"]

1. e4 e5 2. f4 Nc6 3. Nf3 d6 4. Bc4 Nf6 5. d3 d5 6. exd5 Nxd5 7. fxe5 Nf4 8. Bxf4 Be7 9. 0-0 0-0 10. Nc3 h6 11. Ne4 Bg4 12. Qd2 a6 13. Bxh6 Re8 14. Bxf7+ Kxf7 15. Nfg5+ Kg8 16. Nf7 Qd4+ 17. Kh1 Rf8 18. Be3 Qd5 19. Nfg5 Rxf1+ 20. Rxf1 Rf8 21. Rxf8+ Bxf8 22. c4 Qxe5 23. Qf2 Qe7 24. Qh4 Bd7 25. Qh7# 1-0